00349nam a2200109Ia 4500008004100000020001400041100002500055245009900080250001300179260002800192300001900220180305s9999 xx 000 0 und d a781747031 aJohnson, Joyce Young cJoyce Young Johnson,aHandboook for Brunner & Suddarth's textbook of Medical-Surgical Nursing/ a10th ed. aUSAbC&E Pub. INCc2004 avii, 860 Pages